000 00404nam a2200169Ia 4500
001 18417
003 IN-NITTTR
005 20251114233214.0
008 251113s9999||||xx |||||||||||||| ||eng||
040 _beng
040 _cIN-NITTTR
041 _aeng
082 _a531.015194 I8C
100 _aOden, J. T.
245 0 _aComputational methods in nonlinear mechanics. /
_cOden, J. T.
942 _2ddc
_cBK
999 _c21051
_d21051